[Event "Latschach op 26th"]
[Site "Latschach"]
[Date "2010.08.21"]
[Round "9"]
[White "Neuer, Thomas"]
[Black "Rodman, Franc"]
[Result "1/2-1/2"]
[WhiteElo "2090"]
[BlackElo "2200"]
[PlyCount "81"]
[EventDate "2010.08.14"]
[EventType "swiss"]
[EventRounds "9"]
[EventCountry "AUT"]
[SourceTitle "CBM 138 Extra"]
[Source "ChessBase"]
[SourceDate "2010.10.29"]
[SourceVersion "1"]
[SourceVersionDate "2010.10.29"]
[SourceQuality "1"]

1. Nf3 Nf6 2. g3 g6 3. b3 Bg7 4. Bb2 0-0 5. Bg2 c5 6. c4 d6 7. 0-0 Nc6 8. d4 Bd7 9. e3 Qc8 10. Qe2 Bg4 11. d5 Ne5 12. Nbd2 Nxf3+ 13. Bxf3 Bxf3 14. Qxf3 Qh3 15. Rab1 a6 16. Ne4 Ng4 17. Qg2 Qxg2+ 18. Kxg2 b5 19. h3 Ne5 20. f4 Nd7 21. g4 bxc4 22. Bxg7 Kxg7 23. bxc4 Rab8 24. Rfc1 Rxb1 25. Rxb1 Rb8 26. Rxb8 Nxb8 27. g5 Nd7 28. Kf3 Nb6 29. Nd2 h6 30. h4 hxg5 31. hxg5 f5 32. e4 Kf7 33. exf5 gxf5 34. Kg3 e6 35. dxe6+ Kxe6 36. Kf3 Kf7 37. Kg3 Kg6 38. Nf3 Kf7 39. Nd2 Kg6 40. Nf3 Kf7 41. Nd2 1/2-1/2

[Event "SLO-chT1a West"]
[Site "Ljubljana"]
[Date "2009.10.16"]
[Round "6.2"]
[White "Marinsek, Tomaz"]
[Black "Rodman, Franc"]
[Result "1/2-1/2"]
[WhiteElo "2185"]
[BlackElo "2176"]
[PlyCount "25"]
[EventDate "2009.10.09"]
[EventType "team-tourn"]
[EventRounds "9"]
[EventCountry "SLO"]
[SourceTitle "EXT 2012"]
[Source "ChessBase"]
[SourceDate "2011.11.24"]
[SourceVersion "1"]
[SourceVersionDate "2011.11.24"]
[SourceQuality "1"]
[WhiteTeam "Trebnje BMP"]
[BlackTeam "Jesenice"]
[WhiteTeamCountry "SLO"]
[BlackTeamCountry "SLO"]

1. e4 e5 2. Nf3 Nc6 3. Bb5 Nf6 4. 0-0 Bc5 5. c3 0-0 6. d4 Bb6 7. Bg5 h6 8. Bh4 exd4 9. e5 g5 10. Bxc6 dxc6 11. Nxg5 dxc3 12. Qxd8 Rxd8 13. Nxc3 1/2-1/2

[Event "SLO-chT1a West"]
[Site "Ljubljana"]
[Date "2009.10.10"]
[Round "2.1"]
[White "Vukic, Milan"]
[Black "Rodman, Franc"]
[Result "1-0"]
[WhiteElo "2454"]
[BlackElo "2176"]
[PlyCount "59"]
[EventDate "2009.10.09"]
[EventType "team-tourn"]
[EventRounds "9"]
[EventCountry "SLO"]
[SourceTitle "EXT 2012"]
[Source "ChessBase"]
[SourceDate "2011.11.24"]
[SourceVersion "1"]
[SourceVersionDate "2011.11.24"]
[SourceQuality "1"]
[WhiteTeam "Podpec"]
[BlackTeam "Jesenice"]
[WhiteTeamCountry "SLO"]
[BlackTeamCountry "SLO"]

1. Nf3 Nf6 2. g3 g6 3. b3 Bg7 4. Bb2 0-0 5. Bg2 c5 6. c4 Nc6 7. 0-0 d6 8. d4 cxd4 9. Nxd4 Bd7 10. Qd2 Nxd4 11. Bxd4 Bc6 12. Nc3 Re8 13. e4 a6 14. Rfd1 Nd7 15. Rac1 Bxd4 16. Qxd4 Qa5 17. Rc2 Rac8 18. Rdc1 Rc7 19. h3 Rec8 20. Bf1 b6 21. h4 Ne5 22. Be2 h5 23. Nd1 Qc5 24. Rd2 Bb7 25. Ne3 b5 26. Qxc5 Rxc5 27. f4 Nd7 28. e5 d5 29. Rcd1 bxc4 30. bxc4 1-0